Online
Catalog

Cómo organizar las escuelas de padres y madres : (Record no. 24472)

MARC details
000 -CABECERA
campo de control de longitud fija 00637nam a2200181 a 4500
001 - NÚMERO DE CONTROL
campo de control 000024979
005 - FECHA Y HORA DE LA ÚLTIMA TRANSACCIÓN
campo de control 20200930023503.0
008 - DATOS DE LONGITUD FIJA--INFORMACIÓN GENERAL
campo de control de longitud fija 110208s1999 pe a r 000 0 spa d
020 ## - NÚMERO INTERNACIONAL ESTÁNDAR DEL LIBRO
Número Internacional Estándar del Libro 9972618455
040 ## - FUENTE DE LA CATALOGACIÓN
Centro catalogador/agencia de origen DO-SdBNP
Lengua de catalogación spa
Centro/agencia transcriptor BNPHU
082 ## - NÚMERO DE LA CLASIFICACIÓN DECIMAL DEWEY
Número de clasificación xxxxx
Número de documento/Ítem N964c
049 ## - FONDOS LOCALES (OCLC)
Fondos de biblioteca BNGR
100 1# - ENTRADA PRINCIPAL--NOMBRE DE PERSONA
Nombre de persona Núñez Sánchez, Pedro
9 (RLIN) 51257
245 10 - MENCIÓN DE TÍTULO
Título Cómo organizar las escuelas de padres y madres :
Resto del título manual para facilitadoras y facilitadores /
Mención de responsabilidad, etc. Pedro Núñez Sánchez.
260 ## - PUBLICACIÓN, DISTRIBUCIÓN, ETC.
Lugar de publicación, distribución, etc. Lima, Perú :
Nombre del editor, distribuidor, etc. Tarea :,
Fecha de publicación, distribución, etc. 1999.
300 ## - DESCRIPCIÓN FÍSICA
Extensión 71 p. :
Otras características físicas il. ;
Dimensiones 28 cm.
710 1# - PUNTO DE ACCESO ADICIONAL--NOMBRE DE ENTIDAD CORPORATIVA
Nombre de entidad corporativa o nombre de jurisdicción como elemento de entrada Servicio Ecuménico de Pastoral y Estudios de la Comunicación (SEPEC).
9 (RLIN) 51258
Holdings
Estado de retiro Estado de pérdida Restricciones de uso No para préstamo Código de colección Localización permanente Ubicación/localización actual Ubicación en estantería Fecha de adquisición Número de inventario Total de préstamos Signatura topográfica completa Código de barras Fecha visto por última vez Precio válido a partir de Tipo de ítem Koha
        Monografías: Libros y Folletos General General En catalogación 08.02.2011 LF1   xxxxx N964c 24979-10 25.06.2020 25.06.2020 Préstamo en sala

Powered by Koha